The letters to the Philippians, Colossians, and Thessalonians. (Record no. 406)

000 -LEADER
fixed length control field 00905nam a2200229 a 4500
001 - CONTROL NUMBER
control field :::00013560$&:&@@
003 - CONTROL NUMBER IDENTIFIER
control field OkBaRHE
005 - DATE AND TIME OF LATEST TRANSACTION
control field 20100324115833.0
008 - FIXED-LENGTH DATA ELEMENTS--GENERAL INFORMATION
fixed length control field s1975 j 000 0 eng u
040 ## - CATALOGING SOURCE
Transcribing agency
100 1# - MAIN ENTRY--PERSONAL NAME
Personal name Barclay, William, 1907-1978,
245 14 - TITLE STATEMENT
Title The letters to the Philippians, Colossians, and Thessalonians.
Statement of responsibility, etc Translated with an introduction and interpretation by William Barclay.
250 ## - EDITION STATEMENT
Edition statement Rev. ed.
260 ## - PUBLICATION, DISTRIBUTION, ETC. (IMPRINT)
Place of publication, distribution, etc Philadelphia, PA., :
Name of publisher, distributor, etc Westminster Press
Date of publication, distribution, etc 1975
300 ## - PHYSICAL DESCRIPTION
Extent 219 p. ;
Dimensions 20 cm.
490 0# - SERIES STATEMENT
Series statement The daily study Bible series. -- Rev. ed.
650 ## - SUBJECT ADDED ENTRY--TOPICAL TERM
Topical term or geographic name as entry element Bible New Testament Colossians
General subdivision Commentaries
650 ## - SUBJECT ADDED ENTRY--TOPICAL TERM
Topical term or geographic name as entry element Bible New Testament Philippians
General subdivision Commentaries
650 ## - SUBJECT ADDED ENTRY--TOPICAL TERM
Topical term or geographic name as entry element Bible New Testament Thessalonians
General subdivision Commentaries
942 ## - ADDED ENTRY ELEMENTS (KOHA)
Source of classification or shelving scheme
Koha item type Books
Copies
Shelving location Collection code Damaged status Source of classification or shelving scheme Withdrawn status Current Location Date acquired Price effective from Full call number Koha item type Lost status Date last seen Copy number Not for loan Permanent Location Barcode
General StacksReference   RHEMA Bible Training College2010-04-142010-04-14BS 2643 .B37 1975Books 2018-03-271 RHEMA Bible Training College13560